00377nam a22001457a 450000500170000000800410001708200100005811000290006824500560009726000310015330000100018465000140019494200080020899900150021620200607113820.0200607b xxu||||| |||| 00| 0 eng d a345.4 aALL INDIA REPORTER95822 aALL INDIA REPORTER , 1967 (V-54) MYSORE SECTION  aMUMBAIbALL INDIA REPORTER a448;p aLAW95701 cJRL c6890d6888